000 004810000a22001690004500
003 LK-CoMWRAF
005 20240205211639.0
008 230817t ||||| |||| 00| 0 eng d
020 _a955577191X
040 _aLK-CoMWRAF
_dLK-CoMWRAF
_eLK-CoMWRAF
041 _aeng
082 _a060
_bSTA
245 _aStatistical abstract of the Democratic Socialist Republic of Sri Lanka 1997
260 _aColombo :
_bMinistry of finance and planning
_c1998
300 _a318 p.
942 _cBK
999 _c1804
_d1804